AIDS : terrori e verità scientifiche nella prima inchiesta completa sulle origini e il futuro del morbo del secolo /

Uloženo v:
Podrobná bibliografie
Hlavní autoři: Molco, Willy (Autor), Paolella, Domenico (Autor)
Médium: Kniha
Jazyk:italština
Vydáno: Milano : Gei, 1985
Témata:
Tagy: Přidat tag
Žádné tagy, Buďte první, kdo vytvoří štítek k tomuto záznamu!

MARC

LEADER 00000nam a22000007i 4500
001 IT\ICCU\CAG\0070653
003 ItRI
005 20260115231906.0
008 000614s1985 it |||||| ||||| |||||c
020 |a 8834500229 
040 |b ita  |c importazione bologna sebina 
041 7 |a ita  |2 ISO-639-2 
100 1 |a Molco, Willy  |0 IT\ICCU\SBLV\156014  |4 aut 
245 1 0 |a AIDS :  |b terrori e verità scientifiche nella prima inchiesta completa sulle origini e il futuro del morbo del secolo /  |c W. Molco, D. Paolella. 
260 |a Milano :  |b Gei,  |c 1985 
300 |a 205 p. ;  |c 21 cm. 
650 7 |a Sindrome da immunodeficienza acquisita 
700 1 |a Paolella, Domenico  |0 IT\ICCU\RAVV\011832  |4 aut 
790 1 |a Dominici, Paolo  |c  (regista)  |3 IT\ICCU\UBOV\342755  |z Paolella, Domenico 
942 |2 ddc  |c BK  |n 0 
952 |0 0  |1 0  |4 0  |6 A_616_979000000000000_MOL  |7 0  |9 15577  |a BO  |b BO  |d 2026-01-15  |i 1090  |l 0  |o A 616.979 MOL  |p BO1090  |r 2026-01-15 23:19:06  |w 2026-01-15  |x [Sebina 5] [1 v. (2. copia)]  |y BK  |z 1 v. (2. copia) 
952 |0 0  |1 0  |4 0  |6 A_616_979000000000000_MOL  |7 0  |9 15578  |a BO  |b BO  |d 2026-01-15  |i 5096  |l 0  |o A 616.979 MOL  |p BO5096  |r 2026-01-15 23:19:06  |w 2026-01-15  |x [Sebina 5] [1 v.]  |y BK  |z 1 v. 
999 |c 13404  |d 13404